państwa europy -nagła śmierć - Statystyki

Ogólne statystyki
  • Ten quiz został rozwiązany 196 razy
  • Średni wynik to 9 z 10
Answers on the Grid
Answers color-coded by a green-red scale on the quiz's grid according to % correct below.
polska
rosja
czechy
maroko
słowenia
turcja
kanada
izrael
monako
indonezja
japonia
portugalia
mongolia
francja
algeria
niger
egipt
szwecja
finlandia
 
Statystyki odpowiedzi
Odpowiedź % Poprawnych
polska
99%
czechy
97%
rosja
97%
słowenia
94%
portugalia
91%
finlandia
90%
francja
90%
szwecja
90%
monako
86%
turcja
81%
Nie znaleziono quizów pasujących do podanych kryteriów
Rozkład punktacji
Procent ludzi z każdym wynikiem
Percentyl według liczby udzielonych odpowiedzi
Twoja historia wyników
Nie rozwiązałeś tego quizu